Martín Lutero: su vida y su obra

Gardado en:
Detalles Bibliográficos
Autor Principal: Fliedner, Federico (Author)
Formato: Libro
Idioma:Lingua castelá
Publicado: Madrid Sociedad de Publicaciones Religiosas 1913
Subjects:
Tags: Engadir etiqueta
Sen Etiquetas, Sexa o primeiro en etiquetar este rexistro!

MARC

LEADER 00000nam a2200000 a 4500
001 UCL2487
003 CL-VaPUC
008 031024e19130000SP |||||||||||||||||spa|d
082 0 4 |a 284.1092  |b FLI  |2 21 
100 0 |a Fliedner, Federico  |e author  |9 479587 
245 1 0 |a Martín Lutero: su vida y su obra 
300 |a 216 p 
942 |c BK 
945 |d 20031024 00:00:00  |a vberengu 
260 |a Madrid  |b Sociedad de Publicaciones Religiosas  |c 1913 
600 0 |a Lutero, Martín  |d 1483-1546  |9 859309 
650 7 |a MOVIMIENTOS RELIGIOSOS  |2 CL-VaPUC  |9 346572 
650 7 |a REFORMA RELIGIOSA  |2 CL-VaPUC  |9 257490 
583 |a last modification  |c 20031024 00:00:00  |k Rodrigo Vera 
999 |c 305792  |d 305790 
952 |0 0  |1 0  |4 0  |6 284_109200000000000_FLI_1913  |7 0  |8 P  |9 370194  |a BIBTEO  |b BIBTES  |c TEO_FTES  |d 2019-11-21  |i 2091909  |o 284.1092 FLI 1913  |p 2091909  |r 2024-01-18  |w 2019-11-21  |y BK  |k ICR